000 00417nab a2200145Ia 4500
003 ES-SlBCS
005 20210601130245.0
008 140529s1997 xxu||||| |||| 00| 0 fre d
041 _afre
100 1 _aMorelle, Aquilino
_953457
245 0 0 _aPour une politique de la santé publique
_c Aquilino Morelle
650 0 4 _aSalud Pública
_9125123
773 0 _tEsprit
_gnº. 229, 1997, págs. 24-33
_wRev1438
942 _cAR
999 _c543675
_d543675